|
|
|
|
| LEADER |
01129nam a2200265 a 4500 |
| 001 |
30945 |
| 003 |
BD-DhAAL |
| 005 |
20160222130519.0 |
| 008 |
160222s2015 bg b 001 0 eng d |
| 040 |
|
|
|a BD-DhAAL
|c BD-DhAAL
|
| 082 |
0 |
0 |
|a 657.021895492
|2 22
|
| 999 |
|
|
|c 36912
|d 36912
|
| 999 |
|
|
|c 0
|
| 999 |
|
|
|c 4951
|
| 245 |
1 |
|
|a Bangladesh Financial Reporting Standards (BFRS), Vol.II,(BAS1-41).
|
| 264 |
|
|
|a Dhaka :
|b Institute of Chartered Accountants of Bangladesh,
|c 2015
|
| 300 |
|
|
|a 360 p. :
|b ill. ;
|c 21 cm.
|
| 362 |
0 |
|
|a Vol.II,(BAS1-41).
|
| 541 |
1 |
|
|e 30945, 30946
|
| 650 |
|
0 |
|a Financial Statements
|z Standard.
|9 18110
|
| 710 |
2 |
|
|a Institue of Chartered Accountants of Bangladesh
|9 18111
|
| 852 |
4 |
|
|a Ayesha Abed Library
|j General Shelf
|
| 942 |
|
|
|2 ddc
|c BK
|
| 952 |
|
|
|0 0
|1 0
|2 ddc
|4 0
|6 657_021895492000000_BAN
|7 0
|9 58118
|a BRACUL
|b BRACUL
|c GEN
|d 2016-02-22
|e ICAB
|l 4
|o 657.021895492 BAN
|p 3010030945
|r 2024-05-05
|s 2024-04-30
|t 2
|w 2016-02-22
|y BK
|
| 952 |
|
|
|0 0
|1 0
|2 ddc
|4 0
|6 657_021895492000000_BAN
|7 0
|9 58119
|a BRACUL
|b BRACUL
|c GEN
|d 2016-02-22
|e ICAB
|l 2
|m 32
|o 657.021895492 BAN
|p 3010030944
|q 2026-04-23
|r 2025-10-08
|s 2025-10-08
|t 1
|w 2016-02-22
|y BK
|